La guerra y las palabras una historia intelectual de 1994
Salvato in:
| Autore principale: | |
|---|---|
| Natura: | Libro |
| Lingua: | Spanish |
| Pubblicazione: |
México, D. F.
Era
2004
|
| Edizione: | 1. edición |
| Soggetti: | |
| Tags: |
Aggiungi Tag
Nessun Tag, puoi essere il primo ad aggiungerne!!
|
MARC
| LEADER | 00000cam a2200000 4500 | ||
|---|---|---|---|
| 001 | a4385019 | ||
| 005 | 20140523060127.0 | ||
| 008 | 081124s2004 mx 000 spa | ||
| 020 | |a 9684115857 | ||
| 040 | |a SpMaBN |b spa |c CIICLA | ||
| 082 | |a 972.75 V928g | ||
| 100 | 1 | |a Volpi Escalante, Jorge |d 1968- | |
| 245 | 1 | 3 | |a La guerra y las palabras |b una historia intelectual de 1994 |c Jorge Volpi |
| 250 | |a 1. edición | ||
| 260 | |a México, D. F. |b Era |c 2004 | ||
| 300 | |a 443 páginas | ||
| 500 | |a Cronología | ||
| 504 | |a Bibliografía: p. 421-442 | ||
| 651 | 7 | |a MEXICO (CHIAPAS) |x HISTORIA |y 1994- (INSURRECCIÓN CAMPESINA) |2 embne | |
| 942 | |2 ddc |c BK | ||
| 956 | |a 2 | ||
| 999 | |c 3265 |d 3265 | ||



